| 000 | 01768nam a2200325 a 4500 | ||
|---|---|---|---|
| 001 | ebr10041057 | ||
| 003 | CaPaEBR | ||
| 006 | m u | ||
| 007 | cr cn||||||||| | ||
| 008 | 990621s1999 dcu sb 000 0 eng | ||
| 010 | _z 99062352 | ||
| 020 | _z0309064430 | ||
| 040 |
_aCaPaEBR _cCaPaEBR |
||
| 035 | _a(OCoLC)42855774 | ||
| 050 | 1 | 4 |
_aTL158 _b.N39 1999eb |
| 082 | 0 | 4 |
_a333.79/68 _221 |
| 110 | 2 |
_aNational Research Council (U.S.). _bStanding Committee to Review the Research Program of the Partnership for a New Generation of Vehicles. |
|
| 245 | 1 | 0 |
_aReview of the research program of the Partnership for a New Generation of Vehicles _h[electronic resource] : _bfifth report / _cStanding Committee to Review the Research Program of the Partnership for a New Generation of Vehicles, Board on Energy and Environmental Systems, Commission on Engineering and Technical Systems, [and the] Transportation Research Board, National Research Council. |
| 246 | 1 | 8 | _aPartnership for a new generation of vehicles |
| 260 |
_aWashington, D.C. : _bNational Academy Press, _c1999. |
||
| 300 | _axi, 111 p. | ||
| 504 | _aIncludes bibliographical references (p. 82-84). | ||
| 533 |
_aElectronic reproduction. _bPalo Alto, Calif. : _cebrary, _d2013. _nAvailable via World Wide Web. _nAccess may be limited to ebrary affiliated libraries. |
||
| 610 | 2 | 0 | _aPartnership for a New Generation of Vehicles (U.S.) |
| 650 | 0 |
_aAutomobiles _xEnergy consumption _xResearch _zUnited States. |
|
| 650 | 0 |
_aAutomobile industry and trade _xGovernment policy _zUnited States. |
|
| 655 | 7 |
_aElectronic books. _2local |
|
| 710 | 2 | _aebrary, Inc. | |
| 856 | 4 | 0 |
_uhttp://site.ebrary.com/lib/rucke/Doc?id=10041057 _zAn electronic book accessible through the World Wide Web; click to view |
| 999 |
_c60690 _d60690 |
||